Kto Zagrał na Euro 2024? #19: SZWAJCARIA - Statystyki

Ogólne statystyki
  • Ten quiz został rozwiązany 39 razy
  • Średni wynik to 7 z 11
Statystyki odpowiedzi
Pozycja Klub Zawodnik % Poprawnych
ŚO Man City Manuel Akanji
95%
BR Inter Yann Sommer
95%
N Monaco Breel Embolo
89%
ŚP Leverkusen Granit Xhaka
89%
ŚO Newcastle Fabian Schar
84%
ŚO Torino Ricardo Rodriguez
65%
ŚP Bologna Remo Freuler
51%
LP Bologna Michel Aebischer
49%
LS Augsburg Ruben Vargas
46%
PS Bologna Dan Ndoye
41%
PP Mainz Silvan Widmer
30%
Nie znaleziono quizów pasujących do podanych kryteriów
Rozkład punktacji
Procent ludzi z każdym wynikiem
Percentyl według liczby udzielonych odpowiedzi
Twoja historia wyników
Nie rozwiązałeś tego quizu